Assessment on the effectiveness of livelihood Programs in Barangay Bangong Silangan, Quezon City / (Record no. 77795)
[ view plain ]
| 000 -LEADER | |
|---|---|
| fixed length control field | 02491nam a22002897a 4500 |
| 003 - CONTROL NUMBER IDENTIFIER | |
| control field | URS |
| 005 - DATE AND TIME OF LATEST TRANSACTION | |
| control field | 20240416181805.0 |
| 008 - FIXED-LENGTH DATA ELEMENTS--GENERAL INFORMATION | |
| fixed length control field | 240208b |||||||| |||| 00| 0 eng d |
| 050 00 - LIBRARY OF CONGRESS CALL NUMBER | |
| Classification number | LG 221 .R59 As743 |
| Item number | 2022 |
| 100 ## - MAIN ENTRY--PERSONAL NAME | |
| Personal name | Galicia, Catherine D |
| Relator term | Researcher |
| 245 ## - TITLE STATEMENT | |
| Title | Assessment on the effectiveness of livelihood Programs in Barangay Bangong Silangan, Quezon City / |
| Statement of responsibility, etc. | Galicia, Catherine D.,Labagril, Jheanneth A., Llaneta, Marie Joy P., Prado, Rafael M. |
| 260 ## - PUBLICATION, DISTRIBUTION, ETC. | |
| Date of publication, distribution, etc. | 2022 |
| 300 ## - PHYSICAL DESCRIPTION | |
| Extent | xii, 57 leaves |
| Other physical details | illustrations, |
| Dimensions | 28 cm |
| 336 ## - CONTENT TYPE | |
| Source | text |
| Content type term | rdacontent |
| 337 ## - MEDIA TYPE | |
| Source | rdamedia |
| Media type term | Unmediated |
| 338 ## - CARRIER TYPE | |
| Source | rdacarrier |
| Carrier type term | Volume |
| 502 ## - DISSERTATION NOTE | |
| Dissertation note | UGTHESIS-SW |
| Degree type | Bachelor of Science in Social Work |
| Name of granting institution | University of Rizal System, Rodriguez,Rizal |
| 520 ## - SUMMARY, ETC. | |
| Summary, etc. | This study aimed to assess the effectiveness of livelihood programs in Barangay Bagong Silangan, Quezon City. Thirty beneficiaries were selected as the respondents using a simple random sampling technique. This study utilized quantitative research, specifically descriptive research design, through an interview, questionnaire, frequency, percentage distribution, computed weighted mean and verbal interpretation, were used to determine the effectiveness of livelihood programs in Barangay Bagong Silangan, Quezon City Based on the data gathered from the respondents, the following significant findings are hereby summarized. In terms of the demographic profile, most of the respondents were under the age bracket ranging from 40 to 59 years old, and most of them are females. Half of the respondents are high school graduates, and they had a monthly family income of 10,000 or below. Most of them have 5 members below in the family and they are beneficiaries of their respective livelihood programs for 6 months and below. In terms of livelihood programs, "Buhay sa Gulay" has an average weighted mean of 4.27 and verbally interpreted as agree. "Pangkabuhayang QC" has an average weighted mean of 4.47 and verbally interpreted as agree. While, "Urban Farming" has an average weighted mean of only 3.49 and verbally interpreted as fairly agree. |
| 650 ## - SUBJECT ADDED ENTRY--TOPICAL TERM | |
| Source of heading or term | Livelihood Programs |
| 650 ## - SUBJECT ADDED ENTRY--TOPICAL TERM | |
| Source of heading or term | Assessment and Effectiveness |
| 700 ## - ADDED ENTRY--PERSONAL NAME | |
| Personal name | Labagril, Jheanneth A. |
| Relator term | Researcher |
| 700 ## - ADDED ENTRY--PERSONAL NAME | |
| Personal name | Prado, Rafael M. |
| Relator term | Researcher |
| 700 ## - ADDED ENTRY--PERSONAL NAME | |
| Personal name | Llaneta, Marie Joy P. |
| Relator term | Researcher |
| 700 ## - ADDED ENTRY--PERSONAL NAME | |
| Personal name | Elwood M. Atienza,MPA |
| Relator term | Adviser |
| 856 ## - ELECTRONIC LOCATION AND ACCESS | |
| Materials specified | Online Request for Student Unpublished Works |
| Uniform Resource Identifier | <a href="https://forms.gle/7LqvGGkaDrUQqz429">https://forms.gle/7LqvGGkaDrUQqz429</a> |
| 942 ## - ADDED ENTRY ELEMENTS (KOHA) | |
| Source of classification or shelving scheme | Library of Congress Classification |
| Koha item type | Theses and dissertations |
No items available.